| 000 | 00804nam a2200205Ii 4500 | ||
|---|---|---|---|
| 003 | JO-AjNU | ||
| 008 | 230605s9999||||xx |||||||||||||| ||und|| | ||
| 040 |
_aJO-AjNU _bara _erda _cJO-AjNU |
||
| 041 | _aara | ||
| 050 | 1 | 4 | _aBP76.2.K5688.1988 |
| 100 | 3 |
_aالدمشقي،محمد بن أحمد بن محمود/جمع ، مراد،رياض عبد الحميد/تحقيق, _eauthor _913468 |
|
| 245 | 0 | 0 | _aبلوغ المنى في تراجم أهل الغنا في القرن الثالث عشر الهجري |
| 250 | _aط1 | ||
| 264 | 3 | 1 | _aدمشق:دار المعرفة نشر وتوزيع وطباعة وترجمة ،1988 |
| 300 | _a116ص | ||
| 336 |
_atext _btxt _2rdacontent |
||
| 337 |
_aunmediated _bn _2rdamedia |
||
| 338 |
_avolume _bnc _2rdacarrier |
||
| 650 | 4 |
_aالاسلام-تراجم _913469 |
|
| 999 |
_aA3362 _c6930 _d6930 |
||